00466nam a2200157Ia 4500008004100000020001400041082001400055100004400069245003200113250000700145260005700152300002300209500001900232600003300251650002400284240925s9999 xx 000 0 und d a239223946 a613.2 PAL aPalacio ,June Payne; Canter ,Deborah D. 4aThe Profession of Dietetics aNA aOhio:bCharles E. Merrill Publishing Companyc,1996. a235p.bNAfPirated aIncludes Index aHumanities & Natural Science aMedicine and health